Anglicy w Realu Madryt - nagła śmierć - Statystyki

Ogólne statystyki
  • Ten quiz został rozwiązany 142 razy
  • Średni wynik to 5 z 6
Answers on the Grid
Answers color-coded by a green-red scale on the quiz's grid according to % correct below.
Trent Alexander-Arnold
John Barnes
David Beckham
Jude Bellingham
Laurie Cunningham
Paul Gascoigne
Jack Grealish
Frank Lampard
Steve McManaman
Michael Owen
Wayne Rooney
Kyle Walker
 
Statystyki odpowiedzi
Odpowiedź % Poprawnych
Jude Bellingham
97%
Trent Alexander-Arnold
95%
David Beckham
93%
Michael Owen
87%
Steve McManaman
75%
Laurie Cunningham
46%
Nie znaleziono quizów pasujących do podanych kryteriów
Rozkład punktacji
Procent ludzi z każdym wynikiem
Percentyl według liczby udzielonych odpowiedzi
Twoja historia wyników
Nie rozwiązałeś tego quizu